|
|
|
|
| LEADER |
00000nam a2200000Ii 4500 |
| 001 |
DIGHERDER0090 |
| 003 |
NyNyDIG |
| 007 |
cr ||||||||||| |
| 008 |
220415s2016 sp o 000 0 spa d |
| 006 |
m o d |
| 035 |
|
|
|a (OCoLC)1321071878
|
| 040 |
|
|
|a DGITA
|b eng
|e rda
|e pn
|c DGITA
|
| 020 |
|
|
|a 9788425437311
|q eBook
|q ePub
|
| 020 |
|
|
|z 9788425437304
|
| 050 |
1 |
4 |
|a BD41 ebook
|
| 100 |
1 |
|
|a Trawny, Peter,
|d 1964-
|e author.
|
| 240 |
1 |
0 |
|a Irrnisfugue.
|l Spanish
|s (Gabás Pallás)
|
| 245 |
1 |
3 |
|a La fuga del error :
|b la an-arquía de Heidegger /
|c Peter Trawny ; traducción de Raúl Gabás.
|
| 264 |
|
1 |
|a Barcelona :
|b Herder,
|c 2016.
|
| 300 |
|
|
|a 1 online resource.
|
| 336 |
|
|
|a text
|b txt
|2 rdacontent
|
| 337 |
|
|
|a computer
|b c
|2 rdamedia
|
| 338 |
|
|
|a online resource
|b cr
|2 rdacarrier
|
| 347 |
|
|
|a text file
|2 rdaft
|
| 347 |
|
|
|b EPUB
|
| 588 |
0 |
|
|a Online resource; title from ePub title page (Digitalia, viewed April 15, 2022)
|
| 600 |
1 |
0 |
|a Heidegger, Martin,
|d 1889-1976
|x Criticism and interpretation.
|
| 650 |
|
0 |
|a Existentialism.
|
| 655 |
|
0 |
|a Electronic books.
|
| 700 |
1 |
|
|a Gabás Pallás, Raúl,
|e translator.
|
| 700 |
1 |
|
|i Translation of:
|a Trawny, Peter,
|d 1964-
|t Irrnisfugue.
|
| 791 |
2 |
|
|a Digitalia (Firm),
|e distributor.
|
| 793 |
0 |
|
|g Digitalia eBook Collection:
|a Herder Editorial
|
| 776 |
0 |
8 |
|i Print version:
|a Trawny, Peter, 1964-
|s Irrnisfugue. Spanish (Gabás Pallás).
|t Fuga del error.
|d Barcelona : Herder, 2016
|z 9788425437304
|
| 856 |
4 |
0 |
|3 Digitalia Hispánica
|u https://www.digitaliapublishing.com/a/61105/
|
| 910 |
|
|
|a Premium collection: 2022
|